Statistics for Orange is the new Black: Main characters

Click here to take the quiz!

General Stats

  • This quiz has been taken 234 times
  • The average score is 31 of 76

Answer Stats

Answer% Correct
Alex Vause
99%
Piper chapman
99%
Nicky Nichols
95%
Galina "Red" Reznikov
94%
Tasha "Taystee" Jefferson
93%
Poussey Washington
90%
Dayanara "Daya" Diaz
89%
Suzanne "Crazy Eyes" Warren
89%
Lorna Morello
88%
Carrie "Big Boo" Black
81%
Joe Caputo
79%
Tiffany "Pennsatucky" Doggett
79%
Marisol "Flaca" Gonzales
76%
Aleida Diaz
75%
Cindy "Black Cindy" Hayes
75%
Gloria Mendoza
75%
Norma Romano
75%
George "Pornstache" Mendez
74%
Sam Healy
74%
Maritza Ramos
70%
Maria Ruiz
68%
Larry Bloom
66%
Natalie "Fig" Figueroa
66%
Janae Watson
63%
John Bennett
62%
Yvonne "Vee" Parker
60%
Brook Soso
59%
Polly Harper
53%
Blanca Flores
48%
Leanne Taylor
47%
Angie Rice
43%
Frieda Berlin
43%
Lolly Whitehill
42%
Erica "Yoga" Jones
41%
Gina Murphy
40%
Joel Luschek
40%
Carol Denning
35%
Madison "Badison" Murphy
35%
Mei Chang
35%
Desi Piscatella
34%
Dominga "Daddy" Duarte
33%
Sophia Burset
31%
Barbara "Barb" Denning
29%
Judy King
29%
Linda Ferguson
29%
Sister Jane Ingalls
20%
Rosa "Miss Rosa" Cisneros
19%
Tamika Ward
15%
Wanda Bell
15%
Rick Hopper
14%
Susan Fischer
14%
Anita DeMarco
13%
Hellman
13%
Baxter "Gerber" Bayley
12%
Wade Donaldson
12%
Alison Abdullah
11%
Charlie "Donuts" Coates
11%
Lee Dixon
11%
Scott O'Neill
11%
Alvarez
10%
Brandy Epps
8%
Helen "Skinhead Helen" Van Maele
8%
Thomas Humphrey
8%
Virginia "Ginger" Copeland
8%
Zelda
8%
Vince Muccio
7%
B. Stratman
6%
Stefanovic
6%
Carlos "Clitvack" Litvack
5%
Stephanie Hapakuka
5%
Annalisa Damiva
4%
Beth Hoefler
4%
Karla Córdova
4%
Nicole Eckelcamp
4%
Shani Abboud
4%
Adeola Chinede
3%

Score Distribution

Percentile by Number Answered

Percent of People with Each Score

Your Score History

You have not taken this quiz